[Event "SLO-chT Central 1st League 18th"]
[Site "Slovenia"]
[Date "2017.10.12"]
[Round "5.2"]
[White "Simicak, Metod"]
[Black "Perme, Martin"]
[Result "1-0"]
[WhiteElo "1795"]
[BlackElo "1007"]
[PlyCount "103"]
[EventDate "2017.09.14"]
[EventType "team-swiss"]
[EventRounds "9"]
[EventCountry "SLO"]
[SourceTitle "EXT 2022"]
[Source "ChessBase"]
[SourceDate "2021.10.06"]
[SourceVersion "1"]
[SourceVersionDate "2021.10.06"]
[SourceQuality "1"]
[WhiteTeam "Menges Trzin"]
[BlackTeam "Komenda Suma"]
[WhiteTeamCountry "SLO"]
[BlackTeamCountry "SLO"]

1. e4 e5 2. Nf3 Nc6 3. Bb5 Bc5 4. Bxc6 dxc6 5. h3 Nf6 6. 0-0 Nxe4 7. Qe2 Bf5 8. d3 Nd6 9. Qxe5+ Qe7 10. Qxc5 0-0 11. Bf4 Qd7 12. Bxd6 cxd6 13. Qd4 d5 14. Nbd2 Rae8 15. Rae1 Rxe1 16. Rxe1 Re8 17. Rxe8+ Qxe8 18. Qe5 Qxe5 19. Nxe5 Kf8 20. g4 Be6 21. f4 g6 22. Kf2 f6 23. Nef3 Ke7 24. Nd4 Bd7 25. c4 c5 26. Nb5 a6 27. Nc7 d4 28. Nd5+ Ke6 29. Ne4 Bc6 30. Nxc5+ Kd6 31. Ne4+ Ke6 32. Nexf6 Bxd5 33. Nxd5 b5 34. Nc7+ Kd6 35. Nxa6 bxc4 36. dxc4 Kc6 37. b4 Kb6 38. b5 Ka5 39. Ke2 Ka4 40. Kd3 h5 41. Kxd4 hxg4 42. hxg4 Ka3 43. f5 gxf5 44. gxf5 Kxa2 45. f6 Ka3 46. f7 Ka4 47. f8Q Kb3 48. Qb4+ Kc2 49. Qc3+ Kb1 50. Qd2 Ka1 51. Kc3 Kb1 52. Qb2# 1-0

[Event "SLO-chT Central 1st League 17th"]
[Site "Slovenia"]
[Date "2016.10.13"]
[Round "4.2"]
[White "Merlini, Dusan"]
[Black "Simicak, Metod"]
[Result "1/2-1/2"]
[WhiteElo "1763"]
[BlackElo "1798"]
[PlyCount "81"]
[EventDate "2016.09.22"]
[EventType "team-tourn"]
[EventRounds "7"]
[EventCountry "SLO"]
[SourceTitle "EXT 2023"]
[Source "ChessBase"]
[SourceDate "2022.10.05"]
[SourceVersion "1"]
[SourceVersionDate "2022.10.05"]
[SourceQuality "1"]
[WhiteTeam "Vrhnika II"]
[BlackTeam "Menges Trzin"]
[WhiteTeamCountry "SLO"]
[BlackTeamCountry "SLO"]

1. d4 d5 2. Bf4 e6 3. e3 Bd6 4. Bg3 Bxg3 5. hxg3 Nf6 6. Nf3 a6 7. Bd3 h6 8. Nbd2 Nc6 9. c4 Nb4 10. Qa4+ Nc6 11. Ne5 Bd7 12. Nxd7 Qxd7 13. Nf3 0-0 14. Rc1 dxc4 15. Qxc4 Qd5 16. Bb1 Qxc4 17. Rxc4 Rac8 18. 0-0 Rfd8 19. Rfc1 g6 20. b4 Rd7 21. Nd2 e5 22. Nb3 exd4 23. exd4 Re7 24. a3 Rce8 25. Bd3 Re1+ 26. Bf1 Nd5 27. Rc5 Rxc1 28. Rxc1 Re7 29. Bxa6 Nxd4 30. Nxd4 bxa6 31. Kf1 Kf8 32. Rc5 Rd7 33. Nf3 Ke7 34. Ne5 Rd6 35. Nc6+ Ke6 36. Nb8 Rb6 37. Nc6 Nf6 38. Nd4+ Kd6 39. f3 Nd7 40. Rc2 c5 41. bxc5+ 1/2-1/2

[Event "SLO-chT Central 1st League 17th"]
[Site "Slovenia"]
[Date "2016.09.22"]
[Round "1.2"]
[White "Simicak, Metod"]
[Black "Kralj, Nejc"]
[Result "1/2-1/2"]
[WhiteElo "1798"]
[BlackElo "1690"]
[PlyCount "152"]
[EventDate "2016.09.22"]
[EventType "team-tourn"]
[EventRounds "7"]
[EventCountry "SLO"]
[SourceTitle "EXT 2023"]
[Source "ChessBase"]
[SourceDate "2022.10.05"]
[SourceVersion "1"]
[SourceVersionDate "2022.10.05"]
[SourceQuality "1"]
[WhiteTeam "Menges Trzin"]
[BlackTeam "Komenda Suma"]
[WhiteTeamCountry "SLO"]
[BlackTeamCountry "SLO"]

1. e4 e6 2. Nc3 d5 3. d4 Nf6 4. e5 Nfd7 5. Nf3 c5 6. Be3 Nc6 7. Bb5 Qb6 8. 0-0 cxd4 9. Nxd4 Nxd4 10. Qxd4 Qxd4 11. Bxd4 a6 12. Bxd7+ Bxd7 13. f4 Rc8 14. a3 Rc4 15. Rad1 Bc5 16. Bxc5 Rxc5 17. Rd4 0-0 18. g4 Rfc8 19. Rf3 b5 20. Kf2 a5 21. Ke1 Rc4 22. Rfd3 b4 23. axb4 axb4 24. Ne2 Rxc2 25. Rxb4 Kf8 26. h4 R8c5 27. Rdb3 f6 28. Rc3 fxe5 29. fxe5 Ke7 30. Kd1 R2xc3 31. Nxc3 d4 32. Rxd4 Rxe5 33. b4 Bb5 34. Kd2 g5 35. h5 h6 36. Nxb5 Rxb5 37. Ke3 e5 38. Rc4 Ke6 39. Ke4 Rb6 40. b5 Rxb5 41. Rc6+ Kf7 42. Rxh6 Rb4+ 43. Kf5 e4 44. Rf6+ Kg7 45. Re6 e3 46. Rxe3 Rb5+ 47. Re5 Rb6 48. Kxg5 Rb1 49. h6+ Kh7 50. Re7+ Kg8 51. Kh5 Rb6 52. g5 Ra6 53. Rg7+ Kh8 54. Rg6 Ra7 55. Rf6 Ra5 56. Kg6 Ra8 57. h7 Ra6 58. Kh5 Ra5 59. Rb6 Kxh7 60. Rb7+ Kg8 61. Kh6 Ra8 62. g6 Rc8 63. Rd7 Ra8 64. Rf7 Ra6 65. Rf5 Ra1 66. Kg5 Ra6 67. Rd5 Kg7 68. Rd7+ Kg8 69. Kh6 Ra8 70. Rd6 Rb8 71. Rd7 Ra8 72. Rg7+ Kh8 73. Rh7+ Kg8 74. Re7 Rb8 75. Kg5 Rb1 76. Kf6 Rf1+ 1/2-1/2

[Event "Ljubljana-chT 69th 2nd League"]
[Site "Ljubljana"]
[Date "2016.04.07"]
[Round "8.1"]
[White "Menart, Stane"]
[Black "Simicak, Metod"]
[Result "1/2-1/2"]
[WhiteElo "1567"]
[BlackElo "1837"]
[PlyCount "129"]
[EventDate "2016.01.14"]
[EventType "team-tourn"]
[EventRounds "10"]
[EventCountry "SLO"]
[SourceTitle "EXT 2022"]
[Source "ChessBase"]
[SourceDate "2021.10.06"]
[SourceVersion "1"]
[SourceVersionDate "2021.10.06"]
[SourceQuality "1"]
[WhiteTeam "Ljubljana Energetica Te Tol"]
[BlackTeam "Menges Trzin"]
[WhiteTeamCountry "SLO"]
[BlackTeamCountry "SLO"]

1. e4 e5 2. Nf3 Nf6 3. Nc3 Bb4 4. d3 Bxc3+ 5. bxc3 d5 6. Bg5 Qd6 7. exd5 Nxd5 8. Qd2 0-0 9. Be2 h6 10. Bh4 Re8 11. Bg3 Nc6 12. 0-0 Qf6 13. Rab1 b6 14. c4 Nf4 15. Rfe1 Nxe2+ 16. Rxe2 Bg4 17. Re3 Re6 18. h3 Bh5 19. Rbe1 Rae8 20. Qc3 Bxf3 21. Rxf3 Qe7 22. Rfe3 Qc5 23. Kf1 a6 24. Qb2 Nd4 25. Bh2 f5 26. f3 f4 27. Re4 Qd6 28. Bg1 Nf5 29. Bf2 c5 30. Qa1 Kf7 31. R1e2 h5 32. Qc3 g5 33. Ke1 Nh6 34. g4 hxg4 35. hxg4 Kf6 36. Kd1 Nf7 37. Bg1 Rh8 38. Rh2 Ree8 39. Ree2 Qc6 40. Ref2 Rxh2 41. Bxh2 Rh8 42. Ke2 Rh3 43. Qe1 Qa4 44. Qb1 Qc6 45. Qf1 Rh4 46. Bg1 Nd8 47. Rh2 Rxh2+ 48. Bxh2 Kg7 49. Qa1 Qd6 50. Bg1 Nc6 51. c3 b5 52. cxb5 axb5 53. a4 c4 54. dxc4 bxc4 55. Qd1 Qe6 56. Qc2 Kf6 57. Qe4 Ne7 58. a5 Qa6 59. Bb6 Qb5 60. Bd8 Qb2+ 61. Kf1 Qxc3 62. Qf5+ Kg7 63. Bxe7 Qxf3+ 64. Ke1 Qc3+ 65. Kd1 1/2-1/2

[Event "Ljubljana-chT 69th 2nd League"]
[Site "Ljubljana"]
[Date "2016.02.11"]
[Round "4.1"]
[White "Konvalinka, Kostja"]
[Black "Simicak, Metod"]
[Result "1/2-1/2"]
[WhiteElo "1667"]
[BlackElo "1837"]
[PlyCount "117"]
[EventDate "2016.01.14"]
[EventType "team-tourn"]
[EventRounds "10"]
[EventCountry "SLO"]
[SourceTitle "EXT 2022"]
[Source "ChessBase"]
[SourceDate "2021.10.06"]
[SourceVersion "1"]
[SourceVersionDate "2021.10.06"]
[SourceQuality "1"]
[WhiteTeam "Dom In Agencija Neprem"]
[BlackTeam "Menges Trzin"]
[WhiteTeamCountry "SLO"]
[BlackTeamCountry "SLO"]

1. e4 e5 2. Nf3 Nc6 3. Bc4 h6 4. d4 exd4 5. c3 dxc3 6. 0-0 Bc5 7. Bxf7+ Kxf7 8. Qd5+ Kf8 9. Qxc5+ d6 10. Qe3 Qe7 11. Nxc3 Nf6 12. Re1 Kf7 13. Nh4 Re8 14. Qg3 Ne5 15. Nf3 Nxf3+ 16. Qxf3 Bg4 17. Qf4 Kg8 18. Bd2 Qf7 19. Nd5 Nxd5 20. Qxg4 Nf6 21. Qf4 Re6 22. Re3 Rf8 23. Rf1 Qe7 24. e5 dxe5 25. Qc4 Qf7 26. Bc3 Rfe8 27. Rfe1 c6 28. Rxe5 Nd5 29. Rxe6 Rxe6 30. Rxe6 Qxe6 31. h3 Kf7 32. a3 b5 33. Qd4 Nxc3 34. Qxc3 Qd5 35. Qe3 c5 36. Qf4+ Ke6 37. Qg4+ Kf6 38. Qf4+ Qf5 39. Qxf5+ Kxf5 40. Kf1 a5 41. Ke2 c4 42. Ke3 Ke5 43. f4+ Kd5 44. g4 b4 45. axb4 axb4 46. h4 c3 47. bxc3 bxc3 48. g5 h5 49. f5 Ke5 50. f6 gxf6 51. gxf6 Kxf6 52. Kd3 Kf5 53. Kxc3 Kg4 54. Kd2 Kxh4 55. Ke1 Kg3 56. Kf1 Kh2 57. Kf2 h4 58. Kf1 h3 59. Kf2 1/2-1/2

[Event "Ljubljana-chT 68th 1st League"]
[Site "Ljubljana"]
[Date "2015.01.08"]
[Round "1.3"]
[White "More, Erlend"]
[Black "Simicak, Metod"]
[Result "0-1"]
[WhiteElo "1666"]
[BlackElo "1805"]
[PlyCount "120"]
[EventDate "2015.01.08"]
[EventType "team-tourn"]
[EventRounds "9"]
[EventCountry "SLO"]
[SourceTitle "EXT 2022"]
[Source "ChessBase"]
[SourceDate "2021.10.06"]
[SourceVersion "1"]
[SourceVersionDate "2021.10.06"]
[SourceQuality "1"]
[WhiteTeam "Komenda Suma"]
[BlackTeam "Barob Smarca"]
[WhiteTeamCountry "SLO"]
[BlackTeamCountry "SLO"]

1. d4 d5 2. c4 dxc4 3. Nc3 c6 4. e4 b5 5. a3 Nf6 6. Bg5 h6 7. Bxf6 exf6 8. d5 Bb7 9. Nf3 Bc5 10. Be2 a6 11. 0-0 Nd7 12. Qc2 Qc7 13. Rad1 0-0 14. Nh4 Rad8 15. dxc6 Bxc6 16. Nd5 Bxd5 17. Rxd5 Ne5 18. Kh1 Rxd5 19. exd5 Qd7 20. Qd1 Rd8 21. f4 Nd3 22. Bxd3 cxd3 23. Qxd3 Qxd5 24. Qxd5 Rxd5 25. Nf3 Rd3 26. g3 Rb3 27. Rc1 Bf8 28. Nd4 Rxb2 29. Rc6 b4 30. axb4 Rxb4 31. Nf5 g6 32. Ne3 a5 33. Nd5 Rb1+ 34. Kg2 Kg7 35. Nxf6 Re1 36. Nd7 Re6 37. Rc4 Bd6 38. Ra4 Bb4 39. Ne5 g5 40. Kf3 h5 41. h3 f5 42. Nd3 Bd2 43. Nc5 g4+ 44. hxg4 hxg4+ 45. Kg2 Re3 46. Kf2 Rf3+ 47. Ke2 Bb4 48. Nd3 Rxg3 49. Nxb4 axb4 50. Rxb4 Rf3 51. Rd4 Kg6 52. Rd6+ Kh5 53. Rd4 Kh4 54. Rc4 Kg3 55. Rc1 Kxf4 56. Rc4+ Kg3 57. Rc1 Kg2 58. Rc5 f4 59. Rg5 Rf2+ 60. Ke1 g3 0-1